000 00827nam a22002777a 4500
001 BR9510522
003 BR-BrBNA
005 20230928094828.0
007 ta
008 230509b bl.||||| |||| 00| 0 por d
040 _aBR-BrBNA
_bpor
_cBiblioteca Nacional de Agricultura
041 _a(Por)
072 _aE70
_b0120
_b0170
090 _ 0120 BR9510522
110 1 _aComissao de Financiamento da Producao, Brasilia, DF (Brasil). Depto. de Pesquisas Economicas
_91991
245 1 _aFixacao de precos minimos. Milho e sorgo. Regioes Centro-Oeste. Sudeste e Sul
260 3 _aBrasilia, DF (Brasil):
_c[nd].
300 _a[vp]
500 _a10 graphs; 9 tables
650 _aMilho
650 _aSorgo
650 _aPreco Minimo
650 _aPolitica de Preco
909 _a202309
_bLucia
_c55
_dLucia Elande
942 _cBK
999 _c52884
_d52884